00980nam a22002897a 450000500170000000800020001701000140001902000260003302000230005903500130008203700150009504000180011008200140012824500810014226000460022327000640026930000400033350000330037350400400040665000420044665000540048865000390054265000320058165000340061370000240064770000190067120100714153934.0  aENG-96399 a9780198069096c350.00 a019806909xc350.00 aEN-79932 bDBAD / PUB adplbEnglish  a338.10954 aAgrarian crisis in India /cedited by D. Narasimha Reddy [and] Srijit Mishra aNew Delhi bOxford University Pressc2010 aYMCA Library Building, Jai Singh Road, bNew Delhi e110001 axxix, 286 p. :b1 map c23cm (pbk)  aIncludes statistical tables. aIncludes bibliographical references aAgriculturexEconomic aspectszIndia. aAgriculturexEconomic aspectszIndiavStatistics. aFarmersxSuicidal behaviorzIndia. aAgricultural creditzIndia. aAgriculture and statezIndia. aNarasimha Reddy, D. aMishra, Srijit